BUBT Library Online Catalog

The Spanish Tragedy/ (Record no. 6799)

000 -LEADER
fixed length control field 00656nam a22002177a 4500
003 - CONTROL NUMBER IDENTIFIER
control field BUBTL
008 - FIXED-LENGTH DATA ELEMENTS--GENERAL INFORMATION
fixed length control field 221117b ||||| |||| 00| 0 eng d
020 ## - INTERNATIONAL STANDARD BOOK NUMBER
International Standard Book Number 9847002006835
082 ## - DEWEY DECIMAL CLASSIFICATION NUMBER
Classification number 822.3/ K982s/ 2020
100 ## - MAIN ENTRY--PERSONAL NAME
9 (RLIN) 4912
Personal name Kyd, Thomas
245 ## - TITLE STATEMENT
Title The Spanish Tragedy/
Statement of responsibility, etc. Thomas Kyd
250 ## - EDITION STATEMENT
Edition statement 1st Edn.
260 ## - PUBLICATION, DISTRIBUTION, ETC. (IMPRINT)
Place of publication, distribution, etc. Dhaka:
Name of publisher, distributor, etc. Friends' Book Corner,
Date of publication, distribution, etc. c2020
300 ## - PHYSICAL DESCRIPTION
Extent xlv, 191, p.:
Dimensions 19 cm
440 ## - SERIES STATEMENT/ADDED ENTRY--TITLE
9 (RLIN) 4221
Title Friends' Classics
505 ## - FORMATTED CONTENTS NOTE
Formatted contents note The Spanish Tragedy, Thomas Kyd, Friends' Classics
650 #0 - SUBJECT ADDED ENTRY--TOPICAL TERM
9 (RLIN) 1994
Topical term or geographic name as entry element English Literature
856 ## - ELECTRONIC LOCATION AND ACCESS
Password 0
Logon 0
Link text Download
942 ## - ADDED ENTRY ELEMENTS (KOHA)
Source of classification or shelving scheme
Koha item type Books
Holdings
Withdrawn status Lost status Source of classification or shelving scheme Damaged status Not for loan Collection code Permanent location Current location Shelving location Date acquired Source of acquisition Inventory number Total Checkouts Full call number Barcode Date last seen Copy number Price effective from Koha item type
          Fiction Bangladesh University of Business and Technology Library Bangladesh University of Business and Technology Library English Literature Stacks 11/03/2022 Purchase 29025   822.3/ K982s/ 2020 BUBTL-200329025 11/17/2022 C-1 11/17/2022 Books
          Fiction Bangladesh University of Business and Technology Library Bangladesh University of Business and Technology Library English Literature Stacks 11/03/2022 Purchase 29026   822.3/ K982s/ 2020 BUBTL-200329026 11/17/2022 C-2 11/17/2022 Books
          Fiction Bangladesh University of Business and Technology Library Bangladesh University of Business and Technology Library English Literature Stacks 11/03/2022 Purchase 29027   822.3/ K982s/ 2020 BUBTL-200329027 11/17/2022 C-3 11/17/2022 Books

More Information About Library

Library Hours

  • Open: 9.00 am. to 9.00 pm.
  • Only Sunday: 9.00 am. to 6.00 pm.
  • Closed: Holiday

Contact to the University

Bangladesh University of Business and Technology Library

  • Mirpurl-2, 1216.
  • Phone:
  • Fax:
  • E-Mail: admin.library@bubt.edu.bd

Contact to the Library

Contact Person:

Md. Abdul Hakim Shah
Joint Librarian
PABX No:  113
Cell No: 01816332931
E-mail: official: admin.library@bubt.edu.bd
Personal: hakim.shah@bubt.edu.bd


BUBT Library

Copyright © 2021